00283 2200121 4500001002100000005001500021035002000036245003700056260003600093082000800129084001200137990001200149INLIS00000000000259520250605021525 a0010-0625000181 aKamus Kimia /cIr. Sargoni basri aJakarta :bRineka Cerita,c2002 a603 a603 KAM a0320398